| 000 | 00728nam a2200193 a 4500 | ||
|---|---|---|---|
| 001 | 5187 | ||
| 003 | CDMR | ||
| 005 | 20131121131711.0 | ||
| 008 | 130130s1999||||||||||||||||||||||||||||d | ||
| 040 |
_aCDMR _bcat _cCDMR |
||
| 245 | 4 |
_aLos usuarios en la sociedad de la información _cManuel Sánchez de Diego Fernández de la Riva... [et al.] |
|
| 260 |
_aMadrid _c1999 _bCofederación Española de Organizaciones de Amas de Casa, Consumidores y Usuarios (CEACCU) |
||
| 300 | _a206 p. | ||
| 490 | 0 |
_aEstudios y Documentación _v7 |
|
| 650 | 0 | 4 |
_93156 _aSocietat de la informació |
| 650 | 0 | 4 |
_94283 _aTecnologia de la informació _xDret i legislació |
| 650 | 0 | 4 |
_93508 _aTecnologia de la informació _xAspectes socials |
| 942 |
_cMON _2udc |
||
| 999 |
_c5187 _d5187 |
||